000 00601nam a2200157 a 4500
008 090319s2002 ||||||||||||||||| || u
020 _a0340847786
050 _aBF 121 Int
100 _aPennington, Donald, ed
245 1 0 _aIntroducing psychology: approaches, topics & methods.
_cedited by Donald Pennington
260 _aLondon.
_bHodder Arnold
_c2002.
300 _axi, 417p.: ill.
350 _a0.00
650 3 _aPSYCHOLOGY
995 _D0.00
_FCBU-MAIN LIBRARY (Kitwe)
_H1
_I0.00
_M1
_UAVAILABLE
_WApr 21, 2009
_ZMain Library Open Access Collection
999 _c47571
_d47571